00373nam a2200145Ia 450000500170000000800460001703700120006304000200007504100130009508400220010810000230013024500220015326000430017530000090021820250508150553.0008 250505s9999 xx 000 0 hin d aTextual aFEDLbengcFEDL ahin2eng a891.43, SATqFEDL aSatyarthi Devendra 0aEk yug: Ek pratik aDelhi, IndiabRaj Hans Prakashanc1948 a217p